02301cam a22003854i 4500003000900000005001700009008004100026035002000067040003300087100004200120245022400162264001000386300003900396336002100435337002500456338002300481502005900504504002400563520115700587526001001744526001001754526000901764526000901773526000901782526000901791526000901800526000901809526000901818526000801827526000801835526000801843526000801851526000801859650004801867PE-LiUPU20250731165406.0151012s2015 pe a grm 000 0 spa d a(Sirsi) a154816 aPE-LiUPUbspacPE-LiUPUerda1 aFlores Chipana, Dina Elizabetheautor1 aRelación entre el factor socioeconómico y la desnutrición crónica en niños de 3 a 10 años del Quinto sector y Asociación de Vivienda "El vallecito" de La Era-Chosica, 2014 /cDina Elizabeth Flores Chipana. 0c2015. a92 hojas : bilustraciones;c30 cm atext2rdacontent aunmediated2rdamedia avolume2rdacarrier aTesisb(Lic.) -- cUniversidad Peruana Unión,d2015. aIncluye referencias3 aEl estudio tiene como objetivo, determinar la relación entre factor socioeconómico y la desnutrición crónica en niños de 3 a 10 años del Quinto sector y Asociación de Vivienda "El Vallecito" de la Era-Chosica, 2014. El estudio es de diseño no experimental, de corte transversal y de alcance correlacional. Para la recolección de información se empleó las mediciones antropométricas (peso y talla) y además una encuesta estructurada que consistía en 12 ítems, divididos en 4 niveles socioeconómicos: alto, medio, bajo y marginal. Este instrumento se aplicó a 92 familias de los niños, de las cuales constituyen la muestra. De acuerdo a los resultados obtenidos, el 44.6% tienen desnutrición crónica, de los cuales el 82.9% vive en un nivel socioeconómico bajo. Estadísticamente no se encontró relación significativa entre las dos variables de estudio. Sin embargo se halló significancia entre la tenencia de agua potable y desague con la desnutrición crónica. Porque, al no contar con estos servicios básicos, la incidencia de enfermedades afecta a la economía de la familia y de la población. aSEG44 aSEG26 aP151 aP150 aP149 aP146 aP145 aP126 aP125 aP92 aP75 aP74 aP27 aP1504aNiñosxDesnutriciónxAspectos sociales.